| 000 | 01033cam a22002534a 4500 | ||
|---|---|---|---|
| 008 | 210306s1802 fr a 000 0 fre d | ||
| 040 |
_aEG-GiCUC _bfre _cEG-GiCUC |
||
| 043 |
_af-ua--- _ae-fr--- |
||
| 092 | 0 | 4 |
_a940.27420962 _bR461 _221 |
| 099 |
_a04 _a940.27420962 R461 |
||
| 100 | 1 | _aReynier, Général | |
| 245 | 1 | 3 |
_aDe l'Égypte après la bataille d'Héliopolis et Considérations générales sur l'organisation physique et politique de ce pays / _cpar division Reynier |
| 260 |
_aParis : _bC. Pougens, an X, _c1802 |
||
| 300 |
_a254 p. : _bill.; _c20 cm. |
||
| 600 | 1 | 0 |
_aKleber, Jean-Baptiste, _d1753-1800 _xMilitary leadership. |
| 650 | 0 | _aHeliopolis, Battle of, Heliopolis, Egypt, 1800. | |
| 650 | 0 |
_aSecond Coalition, War of the, 1798-1801 _xCampaigns _zEgypt. |
|
| 651 | 0 |
_aEgypt _xHistory _yFrench occupation, 1798-1801. |
|
| 902 | _a1 | ||
| 905 |
_aAmro L. _eCat. |
||
| 905 |
_aJehan _eRev. |
||
| 942 |
_2ddc _cRARE BOOKS |
||
| 999 |
_c159263 _d159263 |
||